Comparative RFLP-based genetic maps of barley chromosome 5 (IH) and rye chromosome IR (Record no. 55947)

MARC details
000 -LEADER
fixed length control field 00449nam a2200157Ia 4500
100 ## - MAIN ENTRY--AUTHOR NAME
Personal name Wang M L
245 #0 - TITLE STATEMENT
Title Comparative RFLP-based genetic maps of barley chromosome 5 (IH) and rye chromosome IR
260 ## - PUBLICATION, DISTRIBUTION, ETC. (IMPRINT)
Name of publisher Theoretical and applied genetics
Year of publication 1992
300 ## - PHYSICAL DESCRIPTION
Number of Pages p339-44
650 ## - SUBJECT ADDED ENTRY--TOPICAL TERM
Topical Term Barley
650 ## - SUBJECT ADDED ENTRY--TOPICAL TERM
Topical Term Genetic mapping
650 ## - SUBJECT ADDED ENTRY--TOPICAL TERM
Topical Term RFLP
650 ## - SUBJECT ADDED ENTRY--TOPICAL TERM
Topical Term Storage proteins
942 ## - ADDED ENTRY ELEMENTS (KOHA)
Koha item type Journals
Holdings
Withdrawn status Lost status Damaged status Not for loan Home library Current library Date acquired Serial Enumeration / chronology Koha item type
      Journals RRII Library RRII Library 17/12/2021 Volume 84, Issue 04-Mar Journals